Hudba mladých kresťanov

Bibliographic Details
Main Author: Németh, Šaňo (Author)
Format: Article
Language:Slovak
Subjects:

MARC

LEADER 00000nab a2200000 a 4500
001 vtls000407451
003 SK-MaSNL
005 20260304013413.0
008 120924c1991 xo 0 slo
015 |a SNBRB19rr/mm-uuuuu 
035 |a CL0407575 
040 |a SNKBUCL  |b slo  |c SNKBUCL  |e AACR2 
041 0 |a slo 
044 |a xo  |c SK 
080 |a 783  |2 1981 
080 |a 246.8  |2 1981 
080 |a 655.4  |2 1981 
100 1 |a Németh, Šaňo  |4 aut  |9 1294365 
245 1 0 |a Hudba mladých kresťanov  |c Šaňo Németh 
650 0 7 |a cirkevná hudba  |2 snkbucl  |9 1748 
650 0 7 |a Polton, Bratislava  |2 snkbucl  |9 1294366 
651 7 |a 5100  |2 snkbucl  |9 166206 
655 7 |a články z novín a časopisov  |2 snkbucl  |9 267496 
773 0 |t Katolícke noviny  |g Roč. 106, č. 1 (1991), s. 8 
850 |a Slovenská národná knižnica v Martine  |a MTA001 
852 |a SNK  |b KIS3GCP 
958 |a RK 
992 |a RBX 
999 |c 2575676  |d 2577606